India's true representatives / (Record no. 106932)

MARC details
000 -LEADER
fixed length control field 01023nam a2200337 a 4500
001 - CONTROL NUMBER
control field vtls000102517
003 - CONTROL NUMBER IDENTIFIER
control field NLI
005 - DATE AND TIME OF LATEST TRANSACTION
control field 20210601201853.0
008 - FIXED-LENGTH DATA ELEMENTS--GENERAL INFORMATION
fixed length control field 101125s1916 ii 000 0 eng
020 ## - INTERNATIONAL STANDARD BOOK NUMBER
Terms of availability USD 5.00
039 #9 - LEVEL OF BIBLIOGRAPHIC CONTROL AND CODING DETAIL [OBSOLETE]
-- 201011251140
-- VLOAD
040 ## - CATALOGING SOURCE
Original cataloging agency NLI
Language of cataloging eng
Transcribing agency DataSoft
Description conventions AACR2
041 0# - LANGUAGE CODE
Language code of text/sound track or separate title eng
044 ## - COUNTRY OF PUBLISHING/PRODUCING ENTITY CODE
MARC country code ii
082 04 - DEWEY DECIMAL CLASSIFICATION NUMBER
Classification number 320.954
100 1# - MAIN ENTRY--PERSONAL NAME
Personal name Mehta, Pherozeshah M. ,
Titles and words associated with a name Sir
9 (RLIN) 215888
245 10 - TITLE STATEMENT
Title India's true representatives /
Statement of responsibility, etc. by sir Pherozeghah M. Mehta
260 ## - PUBLICATION, DISTRIBUTION, ETC.
Place of publication, distribution, etc. Madras :
Name of publisher, distributor, etc. Vasanta Press,
Date of publication, distribution, etc. 1916
300 ## - PHYSICAL DESCRIPTION
Extent 23 p. ;
Dimensions 18 cm.
440 #0 - SERIES STATEMENT/ADDED ENTRY--TITLE
Title New India Political Pamphlets ;
Volume/sequential designation 8
9 (RLIN) 213683
500 ## - GENERAL NOTE
General note Library has 2 cops.
650 #0 - SUBJECT ADDED ENTRY--TOPICAL TERM
Topical term or geographic name entry element Political development
9 (RLIN) 207000
651 #0 - SUBJECT ADDED ENTRY--GEOGRAPHIC NAME
Geographic name India
General subdivision Politics and government
9 (RLIN) 2012
887 ## - NON-MARC INFORMATION FIELD
Content of non-MARC field
901 ## - LOCAL DATA ELEMENT A, LDA (RLIN)
a 377145
b 31.07.1965
9 c2
901 ## - LOCAL DATA ELEMENT A, LDA (RLIN)
a 365701
b 22.08.1964
9 c2
902 ## - LOCAL DATA ELEMENT B, LDB (RLIN)
a E320.954 M474
949 ## - LOCAL PROCESSING INFORMATION (OCLC)
-- VIRTUAITEM
-- 10000
-- 100
6 PUR000377145ENG
942 ## - ADDED ENTRY ELEMENTS (KOHA)
Source of classification or shelving scheme Dewey Decimal Classification
Koha item type Books
949 ## - LOCAL PROCESSING INFORMATION (OCLC)
-- VIRTUAITEM
-- 10000
-- 100
6 PUR000365701ENG
Holdings
Withdrawn status Lost status Damaged status Not for loan Collection code Home library Current library Shelving location Date acquired Total Checkouts Full call number Barcode Date last seen Price effective from Koha item type
        New English National Library of India National Library of India New English - Main Stack Division     E320.954 M474 PUR000377145ENG 01/06/2021 01/06/2021 Books
        New English National Library of India National Library of India New English - Main Stack Division     E320.954 M474 PUR000365701ENG 01/06/2021 01/06/2021 Books
                                                                           
web counter

Copyright ©2020 The National Library of India, Govt. of India ↔ Hosted by NVLI, MOC ↔ Technology and Design by National Library of India, Ministry of Culture, Govt. of India